000 00990nam a22003617a 4500
001 0004022
003 KOHA_MİRAKIL
005 20260207001356.0
007 ta
008 090420b2001 tu |||gr||||#||||0|tur |
020 _a9758578022
040 _aTR-BiSEU
_btur
_cTR-BiSEU
_erda
041 0 _atur
044 _ctu
050 _aBP173.7
_b.B85 2001
100 1 _aBulaç, Ali.
245 1 _aDin, devlet ve demokrasi/
_cAli Bulaç ; Ali Bulaç.
264 1 _aİstanbul :
_bZaman Kitap
_c2001
300 _a214 sayfa
336 _ametin
_btxt
_2rdacontent
337 _aaracısız
_bn
_2rdamedia
338 _acilt
_bnc
_2rdacarrier
490 1 _aİnceleme ;
_v1.
490 1 _ayayın ;
_vno.
490 1 _a1.
650 0 _aIslam and politics.
_99810
650 0 _aDemocracy--Religious aspects--Islam.
_99811
650 0 _aIslam and politics--Turkey.
_99100
830 1 _aİnceleme ;
_v1.
_96328
830 1 _ayayın ;
_vno.
_95544
830 1 _a1.
_92570
942 _2lcc
_cBK
999 _c4005
_d4005